Effectif Brésil - Copa America 2019 - Statistiques

Statistiques générales
  • Ce quiz a été pris 107 fois
  • Le résultat moyen est 15 sur 24
Statistiques - réponses
POSTE CLUB NUMERO JOUEUR % Correct
DEF PSG 4 Marquinhos
100%
G Liverpool 1 Alisson
98%
G Manchester City 23 Ederson
98%
DEF PSG 2 Thiago Silva
96%
MIL Real Madrid 5 Casemiro
88%
ATT Liverpool 20 Roberto Firmino
86%
ATT Manchester City 9 Gabriel Jesus
83%
DEF Juventus 12 Alex Sandro
81%
DEF PSG 13 Dani Alves
81%
ATT Everton 21 Richarlison
74%
MIL Manchester City 17 Fernandinho
70%
ATT FC Barcelone 11 Philippe Coutinho
63%
ATT Chelsea 10 Willian
60%
ATT Ajax 7 David Neres
58%
MIL FC Barcelone 8 Arthur Melo
57%
DEF Atlético Madrid 6 Filipe Luís
56%
MIL AC Milan 18 Lucas Paquetá
51%
DEF Inter Milan 3 Miranda
49%
MIL SSC Napoli 15 Allan
48%
COACH - - Tite
42%
ATT Grêmio 19 Everton Soares
38%
DEF FC Porto 14 Éder Militão
35%
G Corinthians 16 Cássio
10%
DEF Corinthians 22 Fagner
10%
Aucun quiz correspondant
Distribution des résultats
% des personnes avec chaque résultat
Percentile par nombre de réponses
Votre historique - résultats
Vous n’avez pas pris ce quiz